[Event "Olomouc Chess Summer 2018 - IM 1"]
[Site "Olomouc (CZE)"]
[Date "2018.08.13"]
[Round "4.5"]
[White "Steiner, Bruno"]
[Black "Jedlicka, Ales"]
[Result "0-1"]
[WhiteElo "2155"]
[BlackElo "2253"]
[PlyCount "158"]
[EventDate "2018.??.??"]

1. d4 Nf6 2. Nf3 g6 3. e3 Bg7 4. Be2 d6 5. O-O O-O 6. c4 Nbd7 7. Nc3 e5 8. Qc2
Re8 9. b4 exd4 10. Nxd4 a5 11. b5 Nc5 12. Bb2 Ne6 13. Nxe6 Bxe6 14. Rfd1 Nd7
15. Bf3 Rb8 16. Bd5 Qh4 17. Rac1 Nb6 18. Bxe6 fxe6 19. c5 dxc5 20. Ne2 c4 21.
Bxg7 Kxg7 22. g3 Qf6 23. Nc3 Kg8 24. Na4 Rbc8 25. Rd4 Rf8 26. Nxb6 cxb6 27. Rf4
Qe5 28. Rxc4 Rxc4 29. Qxc4 Rf7 30. a4 Kg7 31. Qc3 Kf6 32. Qc8 Kg7 33. Qc3 Kf6
34. f4 Qxc3 35. Rxc3 Rd7 36. g4 e5 37. Kf2 exf4 38. exf4 Rd4 39. Rc7 Rxf4+ 40.
Kg3 Rxa4 41. Rxb7 Ra3+ 42. Kf4 Ra4+ 43. Kg3 Rb4 44. Rxb6+ Ke5 45. Rb7 h5 46.
gxh5 gxh5 47. Rh7 h4+ 48. Kh3 Kd6 49. Ra7 a4 50. Rf7 Kc5 51. Rf5+ Kb6 52. Rf6+
Kxb5 53. Rf5+ Ka6 54. Rf6+ Ka5 55. Rf5+ Rb5 56. Rf1 Rb2 57. Rf5+ Kb4 58. Rf4+
Kb3 59. Rxh4 Rc2 60. Rh8 Rc3+ 61. Kg4 Rc4+ 62. Kg5 a3 63. Rb8+ Rb4 64. Ra8 Ra4
65. Rb8+ Kc2 66. Rc8+ Kd2 67. Rd8+ Ke2 68. Rc8 a2 69. Rc1 a1=Q 70. Rxa1 Rxa1
71. h4 Kf3 72. h5 Ra5+ 73. Kg6 Kg4 74. h6 Ra6+ 75. Kg7 Kg5 76. h7 Ra7+ 77. Kg8
Kg6 78. h8=N+ Kf6 79. Ng6 Kxg6 0-1

[Event "Olomouc Chess Summer 2018 - IM 1"]
[Site "Olomouc (CZE)"]
[Date "2018.08.14"]
[Round "5.1"]
[White "Jedlicka, Ales"]
[Black "Petrova, Kristyna"]
[Result "1/2-1/2"]
[WhiteElo "2253"]
[BlackElo "2244"]
[PlyCount "84"]
[EventDate "2018.??.??"]

1. d4 Nf6 2. c4 g6 3. Nc3 d5 4. cxd5 Nxd5 5. e4 Nxc3 6. bxc3 Bg7 7. Bc4 c5 8.
Ne2 O-O 9. O-O Nc6 10. Be3 Bg4 11. f3 Bd7 12. Rb1 Na5 13. Bd3 Rc8 14. Qd2 cxd4
15. cxd4 b6 16. Rfc1 e6 17. Bg5 f6 18. Bh4 Bc6 19. Ba6 Bb7 20. Bxb7 Nxb7 21.
Rxc8 Qxc8 22. Rc1 Qd7 23. Qc3 Na5 24. Bf2 Rd8 25. Qc7 Bf8 26. Bh4 g5 27. Be1
Nb7 28. h4 Bd6 29. Qxd7 Rxd7 30. hxg5 fxg5 31. Rc8+ Kf7 32. Bd2 h6 33. f4 Be7
34. e5 Nc5 35. Bb4 Nd3 36. Bxe7 Rxe7 37. fxg5 hxg5 38. a3 Rd7 39. g3 b5 40. Rb8
Ne1 41. Rxb5 Nf3+ 42. Kf2 Nxd4 1/2-1/2

[Event "Olomouc Chess Summer 2018 - IM 1"]
[Site "Olomouc (CZE)"]
[Date "2018.08.14"]
[Round "5.2"]
[White "Vokoun, Jan"]
[Black "Steiner, Bruno"]
[Result "1-0"]
[WhiteElo "2129"]
[BlackElo "2155"]
[PlyCount "97"]
[EventDate "2018.??.??"]

1. Nf3 d5 2. b4 e6 3. Bb2 Nf6 4. a3 c6 5. e3 Nbd7 6. d4 Be7 7. Nbd2 O-O 8. c4
a5 9. b5 c5 10. cxd5 exd5 11. dxc5 Nxc5 12. Rc1 Qd6 13. Be5 Qe6 14. Nb3 Nxb3
15. Qxb3 a4 16. Qb2 Re8 17. Be2 Ne4 18. Bxg7 Nf6 19. Bh6 Qd6 20. Ra1 Bg4 21.
Bf4 Qb6 22. Be5 Ne4 23. O-O Qh6 24. Rfd1 Red8 25. Nd4 Bd7 26. Bf3 Qg5 27. Bf4
Qg7 28. Bc7 Rdc8 29. b6 Bf6 30. Rac1 Re8 31. Qa2 Be6 32. Bxe4 Bxd4 33. Bxh7+
Kxh7 34. Rxd4 Rh8 35. Qc2+ Kg8 36. Rxa4 Rxa4 37. Qxa4 Bh3 38. Bg3 Bf5 39. Qe8+
Kh7 40. Qe7 Rc8 41. Rd1 Kg8 42. Qxb7 Qg4 43. Qxd5 Be4 44. Qd4 Qe2 45. h3 Rc4
46. Qd8+ Kg7 47. Be5+ Kg6 48. Qf6+ Kh5 49. g4+ 1-0

[Event "Olomouc Chess Summer 2018 - IM 1"]
[Site "Olomouc (CZE)"]
[Date "2018.08.14"]
[Round "5.3"]
[White "Ajay Krishna, S."]
[Black "Kavcic, Zan"]
[Result "1/2-1/2"]
[WhiteElo "2200"]
[BlackElo "2349"]
[PlyCount "58"]
[EventDate "2018.??.??"]

1. Nf3 Nf6 2. c4 g6 3. Nc3 d5 4. cxd5 Nxd5 5. Qb3 Nb6 6. d4 Bg7 7. Bf4 O-O 8.
e3 Be6 9. Qa3 Nd5 10. Bg3 Nxc3 11. Qxc3 c6 12. Be2 Bg4 13. O-O Re8 14. a4 Nd7
15. h3 Bxf3 16. Bxf3 e5 17. a5 e4 18. Be2 c5 19. Qb3 cxd4 20. exd4 Bxd4 21.
Rad1 Nc5 22. Qb4 Nd3 23. Bxd3 exd3 24. Qxb7 Qxa5 25. Rxd3 Qb6 26. Rb3 Qxb7 27.
Rxb7 Rad8 28. Bf4 Bb6 29. Be3 Rb8 1/2-1/2

[Event "Olomouc Chess Summer 2018 - IM 1"]
[Site "Olomouc (CZE)"]
[Date "2018.08.14"]
[Round "5.4"]
[White "Zlatin, Alexander"]
[Black "Michenka, Jozef"]
[Result "1/2-1/2"]
[WhiteElo "2193"]
[BlackElo "2323"]
[PlyCount "43"]
[EventDate "2018.??.??"]

1. e4 c5 2. c3 Nf6 3. e5 Nd5 4. d4 cxd4 5. Nf3 Nc6 6. cxd4 d6 7. Bc4 Nb6 8. Bb5
dxe5 9. Nxe5 Bd7 10. Nxd7 Qxd7 11. Nc3 e6 12. O-O Be7 13. Qg4 O-O 14. Bxc6 bxc6
15. Bh6 Bf6 16. Rfd1 Kh8 17. Ne4 Qe7 18. Bg5 Bxg5 19. Qxg5 Qb4 20. b3 Rad8 21.
Qc5 Qxc5 22. dxc5 1/2-1/2

[Event "Olomouc Chess Summer 2018 - IM 1"]
[Site "Olomouc (CZE)"]
[Date "2018.08.14"]
[Round "5.5"]
[White "Camarena Gimenez, Rufino"]
[Black "Plischki, Sebastian"]
[Result "1/2-1/2"]
[WhiteElo "2333"]
[BlackElo "2407"]
[PlyCount "23"]
[EventDate "2018.??.??"]

1. d4 Nf6 2. c4 e6 3. Nf3 b6 4. a3 Bb7 5. Nc3 d5 6. cxd5 Nxd5 7. e3 Nxc3 8.
bxc3 Be7 9. Bb5+ c6 10. Bd3 Nd7 11. a4 c5 12. a5 1/2-1/2

[Event "Olomouc Chess Summer 2018 - IM 1"]
[Site "Olomouc (CZE)"]
[Date "2018.08.15"]
[Round "6.1"]
[White "Petrova, Kristyna"]
[Black "Plischki, Sebastian"]
[Result "0-1"]
[WhiteElo "2244"]
[BlackElo "2407"]
[PlyCount "90"]
[EventDate "2018.??.??"]

1. e4 c5 2. Nf3 Nc6 3. d4 cxd4 4. Nxd4 Qb6 5. Nb3 Nf6 6. Nc3 e6 7. Bd3 a6 8.
O-O Qc7 9. a4 b6 10. Be3 d6 11. Qe2 Be7 12. f3 O-O 13. Qf2 Rb8 14. Rfd1 Nb4 15.
a5 b5 16. Bb6 Qb7 17. Na2 Nxa2 18. Rxa2 e5 19. Raa1 Be6 20. Nd2 Rbc8 21. Qe2
Nd7 22. Bf2 Nc5 23. Nf1 Nxd3 24. Qxd3 f5 25. exf5 Rxf5 26. Ne3 Rf4 27. c3 Rd8
28. Bg3 Rff8 29. Nd5 Bxd5 30. Qxd5+ Qxd5 31. Rxd5 Kf7 32. Re1 Ke6 33. Rd3 g5
34. h3 Rc8 35. Kf1 Rc4 36. b3 Rc6 37. Re2 Rfc8 38. Be1 Bd8 39. b4 Bf6 40. Bd2
Rc4 41. Re1 d5 42. Kf2 h6 43. Re2 e4 44. fxe4 dxe4 45. Ree3 Be5 0-1

[Event "Olomouc Chess Summer 2018 - IM 1"]
[Site "Olomouc (CZE)"]
[Date "2018.08.15"]
[Round "6.2"]
[White "Michenka, Jozef"]
[Black "Camarena Gimenez, Rufino"]
[Result "1/2-1/2"]
[WhiteElo "2323"]
[BlackElo "2333"]
[PlyCount "36"]
[EventDate "2018.??.??"]

1. d4 Nf6 2. Nf3 g6 3. Bg5 Bg7 4. e3 O-O 5. Be2 c5 6. c3 d5 7. O-O b6 8. h3 Bb7
9. Nbd2 Nbd7 10. Bf4 Ne4 11. Qc2 Re8 12. Rad1 Nxd2 13. Qxd2 Qc8 14. Rfe1 a6 15.
Bh2 b5 16. Bd3 f5 17. Ne5 Nxe5 18. Bxe5 Bxe5 1/2-1/2

[Event "Olomouc Chess Summer 2018 - IM 1"]
[Site "Olomouc (CZE)"]
[Date "2018.08.15"]
[Round "6.3"]
[White "Kavcic, Zan"]
[Black "Zlatin, Alexander"]
[Result "1-0"]
[WhiteElo "2349"]
[BlackElo "2193"]
[PlyCount "121"]
[EventDate "2018.??.??"]

1. e4 e5 2. Nf3 Nc6 3. Bb5 a6 4. Bxc6 dxc6 5. O-O Bg4 6. h3 h5 7. d3 Qf6 8.
Nbd2 Ne7 9. Nc4 Bxf3 10. Qxf3 Qxf3 11. gxf3 Ng6 12. Rd1 O-O-O 13. Kf1 Be7 14.
Be3 c5 15. a4 b6 16. Ke2 a5 17. Rg1 Bf6 18. Rab1 Rd7 19. c3 Rhd8 20. Rgd1 Be7
21. Na3 Bd6 22. Rg1 Be7 23. Rbd1 Bf6 24. Nc2 Be7 25. Rd2 Kb7 26. Na3 Bf6 27.
Nc4 Be7 28. Rxg6 fxg6 29. Nxe5 Rd6 30. Nf7 Rf8 31. Nxd6+ cxd6 32. Rd1 Bh4 33.
Rg1 Rf6 34. c4 Kc6 35. Bd2 Kd7 36. Bc3 Re6 37. Bxg7 Ke7 38. Bc3 Kf7 39. f4 Re7
40. f5 gxf5 41. Rg7+ Ke6 42. Rxe7+ Bxe7 43. Kf3 Bh4 44. Bg7 Kf7 45. Bh6 Ke6 46.
Bf4 fxe4+ 47. dxe4 Bf6 48. b3 Bh4 49. Ke3 Bf6 50. Bg3 Bg5+ 51. f4 Bf6 52. Be1
Bd4+ 53. Kd3 Bf6 54. Bc3 Bh4 55. f5+ Kd7 56. e5 dxe5 57. Bxe5 Bg5 58. Ke4 Bd8
59. Kd5 Bg5 60. f6 Bh6 61. Bd6 1-0

[Event "Olomouc Chess Summer 2018 - IM 1"]
[Site "Olomouc (CZE)"]
[Date "2018.08.15"]
[Round "6.4"]
[White "Steiner, Bruno"]
[Black "Ajay Krishna, S."]
[Result "0-1"]
[WhiteElo "2155"]
[BlackElo "2200"]
[PlyCount "71"]
[EventDate "2018.??.??"]

1. c4 c5 2. Nc3 g6 3. d4 Bg7 4. d5 d6 5. e4 a6 6. a4 Nf6 7. Nge2 Nbd7 8. Ng3 h5
9. Be2 h4 10. Nf1 Qa5 11. Bd2 Nh5 12. g4 Nhf6 13. h3 g5 14. Ne3 Ne5 15. Nf5 Bf8
16. O-O Rg8 17. Qc1 e6 18. dxe6 fxe6 19. Nxd6+ Bxd6 20. Bxg5 Be7 21. f4 Nf7 22.
Bxh4 Nxg4 23. hxg4 Bxh4 24. g5 Qc7 25. Qe3 Nxg5 26. fxg5 Qh7 27. Qh3 e5 28. Qh2
Rxg5+ 29. Kh1 Bd7 30. Nd5 O-O-O 31. Nf6 Qg7 32. Qxh4 Rh8 33. Nh5 Bg4 34. Bxg4+
Rxg4 35. Qh3 Qg5 36. Rf5 0-1

[Event "Olomouc Chess Summer 2018 - IM 1"]
[Site "Olomouc (CZE)"]
[Date "2018.08.15"]
[Round "6.5"]
[White "Jedlicka, Ales"]
[Black "Vokoun, Jan"]
[Result "0-1"]
[WhiteElo "2253"]
[BlackElo "2129"]
[PlyCount "102"]
[EventDate "2018.??.??"]

1. d4 Nc6 2. Nf3 Nf6 3. c4 g6 4. Nc3 Bg7 5. e4 d6 6. Be2 O-O 7. O-O e5 8. d5
Ne7 9. Bd2 h6 10. Rc1 Nd7 11. Ne1 f5 12. Nd3 Nf6 13. f3 f4 14. c5 g5 15. Nb5
Ne8 16. Ba5 b6 17. cxd6 cxd6 18. Be1 Ng6 19. Nb4 a6 20. Nc6 Qf6 21. Nc3 b5 22.
a4 Nc7 23. axb5 axb5 24. Nxb5 Nxb5 25. Bxb5 h5 26. Be2 Rf7 27. h3 Bf8 28. Ra1
Rxa1 29. Qxa1 g4 30. fxg4 hxg4 31. Bxg4 Bxg4 32. hxg4 Qg5 33. Qd1 Rh7 34. Qf3
Nh8 35. g3 Qh6 36. Qg2 Nf7 37. gxf4 exf4 38. Kf2 Ng5 39. Ke2 f3+ 40. Rxf3 Nxf3
41. Qxf3 Rf7 42. Qe3 Qf6 43. Nd4 Bh6 44. Qg1 Re7 45. Kd3 Qf4 46. Ne6 Qf3+ 47.
Kc4 Qxe4+ 48. Qd4 Qxe1 49. Kb5 Qc1 50. Qf6 Rb7+ 51. Ka6 Qc8 0-1

[Event "Olomouc Chess Summer 2018 - IM 1"]
[Site "Olomouc (CZE)"]
[Date "2018.08.16"]
[Round "7.1"]
[White "Vokoun, Jan"]
[Black "Petrova, Kristyna"]
[Result "1/2-1/2"]
[WhiteElo "2129"]
[BlackElo "2244"]
[PlyCount "99"]
[EventDate "2018.??.??"]

1. d4 Nf6 2. Nf3 g6 3. Nbd2 d5 4. e3 Bg7 5. b4 O-O 6. Bb2 b6 7. b5 a6 8. a4 c6
9. bxc6 Nxc6 10. c4 Bf5 11. Qb3 Na5 12. Qa3 dxc4 13. Nxc4 Nxc4 14. Bxc4 Ne4 15.
Be2 Qd6 16. O-O Rfc8 17. Rfc1 Qxa3 18. Rxc8+ Bxc8 19. Rxa3 Be6 20. Ra1 Bb3 21.
Bd3 Nd6 22. Nd2 Bd5 23. Rc1 Ne8 24. Kf1 e6 25. Ba3 Bf8 26. Bxf8 Kxf8 27. Rb1 b5
28. axb5 axb5 29. Bxb5 Nd6 30. Be2 Ra2 31. Rd1 Ne4 32. Nxe4 Bxe4 33. f3 Bb7 34.
Rb1 Ba6 35. Bxa6 Rxa6 36. Kf2 Ra2+ 37. Kg3 Ke7 38. h4 h5 39. Rb7+ Kf6 40. Rd7
Rd2 41. Rc7 Re2 42. e4 Rd2 43. Rd7 Kg7 44. Kh3 Rd3 45. Kh2 Rd2 46. Kg1 Kf8 47.
Kh2 Ke8 48. Rd6 Ke7 49. e5 Ke8 50. Kg3 1/2-1/2

[Event "Olomouc Chess Summer 2018 - IM 1"]
[Site "Olomouc (CZE)"]
[Date "2018.08.16"]
[Round "7.2"]
[White "Ajay Krishna, S."]
[Black "Jedlicka, Ales"]
[Result "1-0"]
[WhiteElo "2200"]
[BlackElo "2253"]
[PlyCount "77"]
[EventDate "2018.??.??"]

1. d4 Nf6 2. Bf4 g6 3. Nc3 d5 4. e3 Bg7 5. Nb5 Na6 6. h3 c6 7. Nc3 Qb6 8. a3
Nc7 9. Nf3 Ne6 10. Bh2 Ne4 11. Nxe4 dxe4 12. Nd2 Qxb2 13. Bc4 Qc3 14. O-O O-O
15. Bb3 Qa5 16. Nxe4 Ng5 17. Nd2 c5 18. h4 cxd4 19. hxg5 dxe3 20. Nf3 Bxa1 21.
Qxa1 exf2+ 22. Rxf2 Bg4 23. Ne5 Bf5 24. Nf3 Rad8 25. Be5 Bg4 26. Bh8 e5 27.
Bxe5 Bxf3 28. Rxf3 Rde8 29. Bc3 Qc5+ 30. Rf2 Qxg5 31. Bb4 a5 32. Bxf8 Rxf8 33.
Qc3 h5 34. Qc7 Qe3 35. Qxb7 Qe1+ 36. Rf1 Qe3+ 37. Kh1 Qe8 38. a4 Kg7 39. Qc7
1-0

[Event "Olomouc Chess Summer 2018 - IM 1"]
[Site "Olomouc (CZE)"]
[Date "2018.08.16"]
[Round "7.3"]
[White "Zlatin, Alexander"]
[Black "Steiner, Bruno"]
[Result "1-0"]
[WhiteElo "2193"]
[BlackElo "2155"]
[PlyCount "53"]
[EventDate "2018.??.??"]

1. e4 e5 2. Nf3 Nc6 3. Bb5 a6 4. Ba4 Nf6 5. d4 exd4 6. O-O Be7 7. Re1 b5 8. Bb3
d6 9. Bd5 Nxd5 10. exd5 Ne5 11. Nxd4 Bg4 12. f3 Bd7 13. f4 Ng6 14. Nc3 O-O 15.
f5 Nh4 16. Qd3 Bf6 17. Nc6 Qc8 18. Ne4 Bxc6 19. Nxf6+ Kh8 20. dxc6 gxf6 21. Qd4
Nxf5 22. Qxf6+ Ng7 23. Bh6 Rg8 24. Re3 Qd8 25. Re7 d5 26. Qxf7 Qf8 27. Rf1 1-0

[Event "Olomouc Chess Summer 2018 - IM 1"]
[Site "Olomouc (CZE)"]
[Date "2018.08.16"]
[Round "7.4"]
[White "Camarena Gimenez, Rufino"]
[Black "Kavcic, Zan"]
[Result "1/2-1/2"]
[WhiteElo "2333"]
[BlackElo "2349"]
[PlyCount "24"]
[EventDate "2018.??.??"]

1. Nf3 Nf6 2. c4 g6 3. Nc3 d5 4. cxd5 Nxd5 5. Qa4+ Bd7 6. Qh4 Nxc3 7. dxc3 Nc6
8. e4 e5 9. Bg5 Be7 10. Bc4 h5 11. Bxe7 Qxe7 12. Qxe7+ Kxe7 1/2-1/2

[Event "Olomouc Chess Summer 2018 - IM 1"]
[Site "Olomouc (CZE)"]
[Date "2018.08.16"]
[Round "7.5"]
[White "Plischki, Sebastian"]
[Black "Michenka, Jozef"]
[Result "1-0"]
[WhiteElo "2407"]
[BlackElo "2323"]
[PlyCount "83"]
[EventDate "2018.??.??"]

1. c4 e6 2. Nc3 d5 3. d4 Nf6 4. cxd5 exd5 5. Bg5 Be7 6. e3 c6 7. Bd3 Bg4 8. Qb3
Qb6 9. Qc2 a5 10. Nge2 Bxe2 11. Bxe2 Nbd7 12. O-O O-O 13. a3 Qa7 14. Rad1 Rfe8
15. Bf4 Nf8 16. h3 Ne6 17. Be5 b5 18. e4 b4 19. exd5 cxd5 20. Nb5 Qd7 21. a4
Rac8 22. Qb3 Ne4 23. Rfe1 Bh4 24. f3 f6 25. fxe4 fxe5 26. exd5 Nxd4 27. Nxd4
Bxe1 28. Nb5 Bh4 29. Bg4 Qf7 30. Rf1 Bf6 31. Nd6 Qa7+ 32. Kh1 Qa6 33. Rxf6 Rc1+
34. Kh2 gxf6 35. Nxe8 Qf1 36. Qe3 Re1 37. Qh6 Qg1+ 38. Kg3 Re3+ 39. Bf3 Rxf3+
40. Kxf3 Qf1+ 41. Kg3 Kf7 42. Qxf6+ 1-0

[Event "Olomouc Chess Summer 2018 - IM 1"]
[Site "Olomouc (CZE)"]
[Date "2018.08.17"]
[Round "8.1"]
[White "Petrova, Kristyna"]
[Black "Michenka, Jozef"]
[Result "1/2-1/2"]
[WhiteElo "2244"]
[BlackElo "2323"]
[PlyCount "87"]
[EventDate "2018.??.??"]

1. e4 c5 2. Nf3 d6 3. d4 cxd4 4. Nxd4 Nf6 5. Nc3 a6 6. Be3 e5 7. Nf3 Be7 8. Bc4
O-O 9. O-O Qc7 10. Bb3 b5 11. Bg5 Bb7 12. Bxf6 Bxf6 13. Nd5 Bxd5 14. Bxd5 Ra7
15. c3 Nd7 16. Qd2 Nb6 17. Rfd1 h6 18. Bb3 Rd8 19. Qe2 Qc6 20. Bd5 Qc8 21. Rd3
Na4 22. Rad1 Nc5 23. R3d2 Be7 24. a3 Rc7 25. h3 Ne6 26. g3 Nc5 27. Kg2 g6 28.
h4 Kg7 29. Ne1 Rf8 30. Nc2 Nd7 31. h5 Nf6 32. hxg6 fxg6 33. Ne3 Re8 34. a4 Qd7
35. axb5 axb5 36. Ra1 Rb8 37. Nc2 h5 38. Nb4 Rh8 39. Rh1 Rcc8 40. Bb3 Rhf8 41.
Nd5 Bd8 42. f3 Rb8 43. Qd3 Rc8 44. Rdd1 1/2-1/2

[Event "Olomouc Chess Summer 2018 - IM 1"]
[Site "Olomouc (CZE)"]
[Date "2018.08.17"]
[Round "8.3"]
[White "Steiner, Bruno"]
[Black "Camarena Gimenez, Rufino"]
[Result "0-1"]
[WhiteElo "2155"]
[BlackElo "2333"]
[PlyCount "64"]
[EventDate "2018.??.??"]

1. d4 Nf6 2. Nf3 g6 3. e3 Bg7 4. Be2 O-O 5. O-O d6 6. c4 Nbd7 7. Nc3 e5 8. Qc2
Re8 9. b3 e4 10. Nd2 Qe7 11. Bb2 c6 12. Rfc1 Nf8 13. b4 Bf5 14. Qd1 h5 15. a4
N8h7 16. a5 a6 17. Ra2 Bh6 18. b5 g5 19. bxc6 bxc6 20. Bxh5 g4 21. h3 gxh3 22.
gxh3 Bxh3 23. Kh2 Bf5 24. Qe2 Ng4+ 25. Kg3 Qg5 26. Bxg4 Nf6 27. Ncxe4 Rxe4 28.
f4 Qg6 29. Nxe4 Nxe4+ 30. Kh4 Bg5+ 31. Kh3 Qh5+ 32. Kg2 Bxg4 0-1

[Event "Olomouc Chess Summer 2018 - IM 1"]
[Site "Olomouc (CZE)"]
[Date "2018.08.17"]
[Round "8.4"]
[White "Jedlicka, Ales"]
[Black "Zlatin, Alexander"]
[Result "0-1"]
[WhiteElo "2253"]
[BlackElo "2193"]
[PlyCount "84"]
[EventDate "2018.??.??"]

1. d4 d5 2. c4 c6 3. Nf3 Nf6 4. Nc3 dxc4 5. a4 Bf5 6. e3 e6 7. Bxc4 Bb4 8. O-O
Nbd7 9. Qe2 O-O 10. e4 Bg6 11. Bd3 Bh5 12. e5 Nd5 13. Nxd5 cxd5 14. Qe3 Be7 15.
Ng5 Bxg5 16. Qxg5 Bg6 17. Bxg6 fxg6 18. Qg4 Rf5 19. Be3 Nb8 20. Rfc1 Nc6 21.
Qe2 a6 22. Rab1 Qa5 23. Qd1 Qb4 24. Rc3 Raf8 25. Qb3 Qe7 26. Qb6 Qh4 27. Rf1 h6
28. Qxb7 Nxd4 29. Bxd4 Qxd4 30. Rc7 Qxe5 31. Rcc1 Rxf2 32. Qxa6 Rxf1+ 33. Rxf1
Qd4+ 34. Kh1 Rxf1+ 35. Qxf1 Qxa4 36. h3 d4 37. Qb1 Kh7 38. b4 Qb5 39. h4 d3 40.
Qe1 Qd5 41. Qd2 Qc4 42. Qe1 h5 0-1

[Event "Olomouc Chess Summer 2018 - IM 1"]
[Site "Olomouc (CZE)"]
[Date "2018.08.17"]
[Round "8.5"]
[White "Vokoun, Jan"]
[Black "Ajay Krishna, S."]
[Result "0-1"]
[WhiteElo "2129"]
[BlackElo "2200"]
[PlyCount "64"]
[EventDate "2018.??.??"]

1. d4 c5 2. dxc5 e6 3. e4 Bxc5 4. Bd3 b5 5. Nf3 Ne7 6. O-O a6 7. Nbd2 Ng6 8.
Nb3 Be7 9. Re1 O-O 10. Be3 Nc6 11. c3 d6 12. Nbd4 Bb7 13. a4 Nce5 14. Bb1 Qd7
15. b3 Rfc8 16. Bd2 Bf6 17. Nxe5 Bxe5 18. b4 Bxd4 19. cxd4 bxa4 20. Qxa4 Qxa4
21. Rxa4 Rc4 22. Be3 Bc6 23. Bd3 Bxa4 24. Bxc4 Bb5 25. Bb3 h6 26. Rc1 Rb8 27.
f3 Be8 28. Bc4 Rxb4 29. Bxa6 Bb5 30. Rc8+ Kh7 31. Rb8 Rb1+ 32. Kf2 Rf1+ 0-1

[Event "Olomouc Chess Summer 2018 - IM 1"]
[Site "Olomouc (CZE)"]
[Date "2018.08.18"]
[Round "9.1"]
[White "Ajay Krishna, S."]
[Black "Petrova, Kristyna"]
[Result "1/2-1/2"]
[WhiteElo "2200"]
[BlackElo "2244"]
[PlyCount "25"]
[EventDate "2018.??.??"]

1. d4 Nf6 2. Bf4 c5 3. d5 Qb6 4. Nc3 e6 5. e4 Nxe4 6. Nxe4 Qb4+ 7. Qd2 Qxe4+ 8.
Ne2 Be7 9. O-O-O O-O 10. Nc3 Qb4 11. Bg5 Bxg5 12. Qxg5 d6 13. Nb5 1/2-1/2

[Event "Olomouc Chess Summer 2018 - IM 1"]
[Site "Olomouc (CZE)"]
[Date "2018.08.18"]
[Round "9.3"]
[White "Camarena Gimenez, Rufino"]
[Black "Jedlicka, Ales"]
[Result "1-0"]
[WhiteElo "2333"]
[BlackElo "2253"]
[PlyCount "87"]
[EventDate "2018.??.??"]

1. d4 Nf6 2. c4 e6 3. Nf3 Bb4+ 4. Bd2 a5 5. g3 d6 6. Bg2 Nbd7 7. O-O e5 8. Be3
exd4 9. Bxd4 O-O 10. a3 Bc5 11. Nc3 Re8 12. Qc2 c6 13. Rfd1 Qe7 14. Rab1 Bxd4
15. Nxd4 Nc5 16. b4 axb4 17. axb4 Nce4 18. Nxe4 Nxe4 19. Rb3 d5 20. cxd5 cxd5
21. e3 Bd7 22. b5 Rac8 23. Qb2 Rc4 24. Bf1 Rc5 25. Ra3 Rec8 26. Rda1 h5 27. Ra8
Qf6 28. Rxc8+ Rxc8 29. Ra7 Qb6 30. Qa3 h4 31. Ra8 Rxa8 32. Qxa8+ Kh7 33. Bd3
hxg3 34. hxg3 g6 35. Qa2 Nc3 36. Qa3 Qc7 37. Qe7 Kg8 38. Ne6 Qc8 39. Nd8 Be6
40. Bxg6 Ne2+ 41. Kh2 fxg6 42. Nxe6 Qc3 43. Qf8+ Kh7 44. Ng5# 1-0

[Event "Olomouc Chess Summer 2018 - IM 1"]
[Site "Olomouc (CZE)"]
[Date "2018.08.18"]
[Round "9.4"]
[White "Plischki, Sebastian"]
[Black "Steiner, Bruno"]
[Result "1/2-1/2"]
[WhiteElo "2407"]
[BlackElo "2155"]
[PlyCount "20"]
[EventDate "2018.??.??"]

1. d4 d5 2. Bf4 e6 3. e3 Bd6 4. Bg3 Nf6 5. Nf3 c5 6. c3 Qc7 7. Nbd2 Nbd7 8. Bd3
O-O 9. O-O Bxg3 10. hxg3 e5 1/2-1/2

[Event "Olomouc Chess Summer 2018 - IM 1"]
[Site "Olomouc (CZE)"]
[Date "2018.08.18"]
[Round "9.5"]
[White "Michenka, Jozef"]
[Black "Kavcic, Zan"]
[Result "1/2-1/2"]
[WhiteElo "2323"]
[BlackElo "2349"]
[PlyCount "80"]
[EventDate "2018.??.??"]

1. d4 Nf6 2. Nf3 g6 3. g3 Bg7 4. Bg2 O-O 5. O-O d5 6. c4 c6 7. cxd5 cxd5 8. Nc3
Ne4 9. Qb3 Nxc3 10. Qxc3 Nc6 11. Bd2 Qb6 12. e3 Bf5 13. b4 Rfc8 14. Qb3 Be4 15.
Ng5 Bxg2 16. Kxg2 e6 17. Rfc1 Bf8 18. Rab1 Rc7 19. b5 Na5 20. Bxa5 Qxa5 21.
Rxc7 Qxc7 22. b6 Qd8 23. bxa7 Rxa7 24. Nf3 Bd6 25. Qb5 Kg7 26. a4 h6 27. h4 Qc7
28. Rb2 Qc3 29. Rb1 Bc7 30. Rb3 Qc6 31. Ne1 Rxa4 32. Qxb7 Qc4 33. Rb2 Bd6 34.
Rc2 Qb4 35. Qxb4 Rxb4 36. Nd3 Rb6 37. Nc5 Rb5 38. Nd3 Kf6 39. Kf3 Ke7 40. Nf4
h5 1/2-1/2

[Event "Olomouc Chess Summer 2018 - IM 2"]
[Site "Olomouc (CZE)"]
[Date "2018.08.11"]
[Round "1.1"]
[White "Cerveny, Petr"]
[Black "Murdzia, Piotr"]
[Result "1/2-1/2"]
[WhiteElo "2314"]
[BlackElo "2400"]
[PlyCount "75"]
[EventDate "2018.??.??"]

1. e4 c5 2. Nf3 Nc6 3. Bb5 e6 4. O-O Nge7 5. Re1 Nd4 6. Nxd4 cxd4 7. c4 Nc6 8.
d3 Be7 9. Nd2 O-O 10. f4 a6 11. Ba4 d5 12. a3 dxc4 13. Bxc6 c3 14. Ba4 cxd2 15.
Bxd2 Bd7 16. Rc1 Rc8 17. Rxc8 Qxc8 18. Rf1 Rd8 19. f5 exf5 20. Bxd7 Qxd7 21.
Qb3 Qe6 22. Qxe6 fxe6 23. exf5 exf5 24. Rxf5 Rc8 25. Rf2 Bf6 26. Kf1 Kf7 27.
Re2 Rc2 28. Bf4 Rxe2 29. Kxe2 Ke6 30. Kf3 Kd5 31. h3 b5 32. Bc7 Bg5 33. Bf4 Bd8
34. Bd2 a5 35. b3 a4 36. bxa4 bxa4 37. Bb4 g6 38. Kf4 1/2-1/2

[Event "Olomouc Chess Summer 2018 - IM 2"]
[Site "Olomouc (CZE)"]
[Date "2018.08.11"]
[Round "1.2"]
[White "Richterova, Natasa"]
[Black "Ptacnikova, Lenka"]
[Result "1-0"]
[WhiteElo "2140"]
[BlackElo "2247"]
[PlyCount "67"]
[EventDate "2018.??.??"]

1. e4 c5 2. Nf3 e6 3. d4 cxd4 4. Nxd4 a6 5. Bd3 g6 6. O-O Bg7 7. Nf3 Ne7 8. c4
O-O 9. Qe2 d6 10. Rd1 Qc7 11. Bf4 e5 12. Bg5 Nbc6 13. h3 f5 14. Nc3 f4 15. Bxe7
Nxe7 16. Rac1 h6 17. Bb1 Be6 18. Na4 b6 19. a3 Kh7 20. Ba2 Bf7 21. b4 g5 22. c5
dxc5 23. Bxf7 Rxf7 24. bxc5 bxc5 25. Nxc5 Qa5 26. Ne6 Bf6 27. Rc5 Qb6 28. Qc4
Kg8 29. Nxe5 Bxe5 30. Rxe5 Rc8 31. Rc5 Rxc5 32. Nxc5 f3 33. Nd7 Qc6 34. Qxf7+
1-0

[Event "Olomouc Chess Summer 2018 - IM 2"]
[Site "Olomouc (CZE)"]
[Date "2018.08.11"]
[Round "1.3"]
[White "Mullick, Raahil"]
[Black "Yagupov, Igor"]
[Result "1/2-1/2"]
[WhiteElo "2201"]
[BlackElo "2405"]
[PlyCount "55"]
[EventDate "2018.??.??"]

1. e4 c5 2. Nf3 Nc6 3. d4 cxd4 4. Nxd4 Qb6 5. Nb3 Nf6 6. Nc3 e6 7. Be3 Qc7 8.
a3 a6 9. Be2 b5 10. O-O Be7 11. f4 d6 12. Qe1 O-O 13. Qg3 Kh8 14. Rad1 b4 15.
axb4 Nxb4 16. Rd2 Bb7 17. Bf3 e5 18. Kh1 Rfc8 19. Qf2 Bc6 20. Ra1 Rab8 21. Na5
exf4 22. Bxf4 Ba8 23. Qg3 Nd7 24. Bg4 Rb6 25. Be3 Rbb8 26. Bf4 Rb6 27. Be3 Rbb8
28. Bf4 1/2-1/2

[Event "Olomouc Chess Summer 2018 - IM 2"]
[Site "Olomouc (CZE)"]
[Date "2018.08.11"]
[Round "1.4"]
[White "Houska, Jiri"]
[Black "Jurek, Josef"]
[Result "1/2-1/2"]
[WhiteElo "2203"]
[BlackElo "2253"]
[PlyCount "24"]
[EventDate "2018.??.??"]

1. e4 e6 2. d4 d5 3. Nd2 c5 4. Ngf3 a6 5. exd5 exd5 6. c4 Nf6 7. cxd5 Nxd5 8.
Bc4 Nc6 9. O-O cxd4 10. Nb3 Nb6 11. Be2 Be7 12. Nbxd4 Bd7 1/2-1/2

[Event "Olomouc Chess Summer 2018 - IM 2"]
[Site "Olomouc (CZE)"]
[Date "2018.08.11"]
[Round "1.5"]
[White "Wiley, Thomas"]
[Black "Vanek, Ladislav"]
[Result "0-1"]
[WhiteElo "2207"]
[BlackElo "2271"]
[PlyCount "72"]
[EventDate "2018.??.??"]

1. d4 Nf6 2. c4 c5 3. d5 e6 4. Nc3 exd5 5. cxd5 d6 6. e4 g6 7. Nge2 Bg7 8. Ng3
O-O 9. Be2 Re8 10. O-O a6 11. a4 Nbd7 12. Bg5 h6 13. Be3 Ne5 14. h3 h5 15. Bg5
Qb6 16. Qd2 Nh7 17. a5 Qc7 18. Bh6 h4 19. Nh1 f5 20. Bxg7 Qxg7 21. exf5 gxf5
22. f4 Ng6 23. Bh5 Nf6 24. Bxg6 Qxg6 25. Rae1 Bd7 26. Rxe8+ Rxe8 27. Re1 Nh5
28. Rxe8+ Bxe8 29. Qe3 Kf8 30. Kf2 Bf7 31. g3 Qh6 32. Kf3 Nf6 33. Qd2 hxg3 34.
Kxg3 Bxd5 35. Nf2 Nh5+ 36. Kh2 Bc6 0-1